Welcome to CU Library Online Public Access Catalogue (OPAC)

The theory of environmental policy / (Record no. 996)

MARC details
000 -LEADER
fixed length control field 01034pam a2200277 a 4500
001 - CONTROL NUMBER
control field 1005939
005 - DATE AND TIME OF LATEST TRANSACTION
control field 20241111115003.0
008 - FIXED-LENGTH DATA ELEMENTS--GENERAL INFORMATION
fixed length control field 870821s1988 enka b 001 0 eng
020 ## - INTERNATIONAL STANDARD BOOK NUMBER
International Standard Book Number 0521322243
020 ## - INTERNATIONAL STANDARD BOOK NUMBER
International Standard Book Number 0521311128 (pbk.)
050 00 - LIBRARY OF CONGRESS CALL NUMBER
Classification number HC79.E5
Item number B375 1988
082 00 - DEWEY DECIMAL CLASSIFICATION NUMBER
Classification number 363.7/001
Edition information 19
100 1# - MAIN ENTRY--PERSONAL NAME
Personal name Baumol, William J.
245 14 - TITLE STATEMENT
Title The theory of environmental policy /
Statement of responsibility, etc. William J. Baumol, Wallace E. Oates ; with contributions by V.S. Bawa and David F. Bradford.
250 ## - EDITION STATEMENT
Edition statement 2nd ed.
260 ## - PUBLICATION, DISTRIBUTION, ETC.
Place of publication, distribution, etc. Cambridge [Cambridgeshire] ;
-- New York :
Name of publisher, distributor, etc. Cambridge University Press,
Date of publication, distribution, etc. 1988.
300 ## - PHYSICAL DESCRIPTION
Extent x, 299 p. :
Other physical details ill. ;
Dimensions 24 cm.
650 #0 - SUBJECT ADDED ENTRY--TOPICAL TERM
Topical term or geographic name entry element Environmental policy.
650 #0 - SUBJECT ADDED ENTRY--TOPICAL TERM
Topical term or geographic name entry element Externalities (Economics)
650 #0 - SUBJECT ADDED ENTRY--TOPICAL TERM
Topical term or geographic name entry element Expenditures, Public.
650 #0 - SUBJECT ADDED ENTRY--TOPICAL TERM
Topical term or geographic name entry element Quality of life.
700 1# - ADDED ENTRY--PERSONAL NAME
Personal name Oates, Wallace E.
856 42 - ELECTRONIC LOCATION AND ACCESS
Materials specified Publisher description
Uniform Resource Identifier <a href="http://www.loc.gov/catdir/description/cam023/87024975.html">http://www.loc.gov/catdir/description/cam023/87024975.html</a>
856 41 - ELECTRONIC LOCATION AND ACCESS
Materials specified Table of contents only
Uniform Resource Identifier <a href="http://www.loc.gov/catdir/enhancements/fy0632/87024975-t.html">http://www.loc.gov/catdir/enhancements/fy0632/87024975-t.html</a>
942 ## - ADDED ENTRY ELEMENTS (KOHA)
Source of classification or shelving scheme Library of Congress Classification
Koha item type Books
Suppress in OPAC No
999 ## -
-- 996
-- 996
Holdings
Withdrawn status Lost status Source of classification or shelving scheme Damaged status Not for loan Collection Home library Current library Shelving location Date acquired Total checkouts Full call number Barcode Date last seen Copy number Price effective from Koha item type
    Library of Congress Classification     Non-fiction Graduate Library (Christ Temple) Graduate Library (Christ Temple) General stacks 11/11/2024   HC79.E5B375 BAU gsct00000016 11/11/2024 1 11/11/2024 Books
© 2023-2024 Copyright: Central University Libraries. All Rights Reserved | Created by: Mahone Tech Office